| 000 | 00340nam a2200133Ia 4500 | ||
|---|---|---|---|
| 008 | 150202s9999 xx 000 0 und d | ||
| 020 | _a874060400 | ||
| 050 |
_aFIC _bFIC |
||
| 100 | _aKruchten, Marcia. | ||
| 245 | 4 |
_aThe ghost in the mirror / _cMarcia Kruchten. |
|
| 260 | _aUSA : | ||
| 300 |
_a96 pages : _c18 cm. |
||
| 650 | _aFiction. | ||
| 999 |
_c282187 _d282187 |
||